000 00246nam a2200097 4500
245 _aUnpopular essays
_cBertrand Russell
100 _aRussell, Bertrand
260 _aLondon
_bSimon and Schuster
_c1969
300 _a175p.; 22cm.
082 _a824.8
_bRUS
999 _c15564
_d15564